00888cam a22002538a 450000500170000000800410001701000140005802000270007203500130009903700150011204000180012708200120014510000160015724500650017326000470023827000480028530000270033350000510036065000120041165000220042394200260044599900170047195201460048820080916184717.0080911s2008 ii 001 0 eng  aENG-91948 a9788184501360c1800.00 aEN-75481 bDBAD / PUB adplbEnglish  a613.042 aGoel, S.L.  aEducation of lifestyle and lifetime diseases /cby S.L. Goel aNew Delhi bDeep & Deep Publicationsc2009 aF-159, Rajouri Garden, bNew Delhi e110027 axiv, 345p.c24cm (Hb)  aIncludes bibliographical references and index. aHealth. aPhysical fitness. 2ddccENmGOEh613.042 c19361d19361 00102ddc40718NFICaDBADbDBADd2008-12-02eDBAD / PUBg1800.00l0o613.042 GOEpEN-75481r2008-12-02 00:00:00t1v1800.00w2008-12-02yEN